000 00577nam a2200193 4500
001 137787
003 ES-MaACL
005 20230906195436.0
007 t|
008 070214s1968 sp r ||||1| spa d
100 1 _aSalinas, Soledad.
_9101945
245 1 3 _aEl mundo poético de Rafael Alberti /
_cSolita Salinas de Marichal.
260 _aMadrid :
_bGredos,
_c1968.
300 _a269 p., 6 h. ;
_c21 cm.
490 1 _aBiblioteca románica hispánica
830 0 _aBiblioteca románica hispánica
_9180746
852 _aES-MaACL
_jC-35442
_bR.67934
999 _c137787
_d137787